00614nam a2200157 a 450000100100000000500170001000800410002704000250006811000520009324500800014526000370022530000200026271000520028295201050033499900170043900004515220201002045924.0150205s19uu dr 000 0 spa d aDO-SdBNPbspacBNPHU1 aInstituto Dominicano de Seguros Sociales93711510aManual para la aplicación de la ley 1896 en los trabajos de inspección. aSanto Domingo :bIDSS,c[19uu.]. a92 p. ;c21 cm.1 aInstituto Dominicano de Seguros Sociales937115 0010718PDaPDbPDcCTd2015-02-05iLF1l0o p45152-10r2020-06-25w2020-06-25yLFPDZNo se presta c44641d44641